| 000 | 01061nam a2200325Ia 4500 | ||
|---|---|---|---|
| 001 | Z_4133 | ||
| 003 | CHAP | ||
| 008 | 220113s2001 xx 000 0 und d | ||
| 010 | _a167196 | ||
| 040 | _cCHAP | ||
| 090 | _aTesis C 1605 | ||
| 100 |
_aCamacho García, José Luis _917675 |
||
| 245 |
_aProducción y calidad del forraje de cuatro variedades de alfalfa asociada con trébol blanco, ballico perenne, festuca alta y ovillo / _cpor José Luis Camacho García |
||
| 260 |
_aChapingo, Méx. : _bEl autor, _c2001 |
||
| 300 | _a64 h. | ||
| 502 | _aTesis (Maestro en Ciencias Especialista en Producción Animal) -- UACH. Departamento de Zootecnia | ||
| 650 |
_aAlfalfa _xRendimiento _93887 |
||
| 650 |
_aAlfalfa _xVariedades _93893 |
||
| 650 |
_aDactylis glomerata _930865 |
||
| 650 |
_aFestuca arundinacea _940663 |
||
| 650 |
_aLolium perenne _967505 |
||
| 650 |
_aSiembra múltiple _9137549 |
||
| 650 |
_aTrébol blanco _9115252 |
||
| 901 | _aTESIS C 1605 | ||
| 902 | _aM | ||
| 910 | _a2001 | ||
| 942 | _c2 | ||
| 942 | _c2 | ||
| 999 |
_c167196 _d167196 |
||